| 000 | 00835nam a2200265 c 4500 | ||
|---|---|---|---|
| 999 |
_c344256 _d344256 |
||
| 003 | BLK | ||
| 005 | 20190927140539.0 | ||
| 008 | 180911b bul|||||r ||||||| ||bul|| | ||
| 010 | _a003921 | ||
| 040 | _aBLK | ||
| 041 |
_aSLV _cBUL |
||
| 080 | _z886.3-2.09 | ||
| 100 | 1 |
_aWOLLMAN, Frank _eпърви автор _9397055 |
|
| 245 | 0 | 0 | _aSlovenske drama |
| 260 |
_aBratislava _bUniv. Komenskeho _c1925 |
||
| 300 |
_a322 с _c25 см |
||
| 380 | _a82 | ||
| 490 |
_aЧастна колекция - Академик Михаил Арнаудов _gДарение - Основен фонд |
||
| 500 | _aExtr. Spisy Filosoficke fak. Univ. Komenskeho: T. VI. - 1925. - Михаил Арнаудов: подпис | ||
| 655 |
_aЛитературознание _9396446 |
||
| 852 |
_aМА 510 _bМА |
||
| 942 |
_cKNG _n0 _s1 |
||
| 944 |
_aCR _c1995 |
||
| 999 | _d344256 | ||